<?xml version="1.0" encoding="UTF-8"?>
<collection xmlns:xsi="http://www.w3.org/2001/XMLSchema-instance" xsi:schemaLocation="http://www.loc.gov/MARC21/slim http://www.loc.gov/standards/marcxml/schema/MARC21slim.xsd" xmlns="http://www.loc.gov/MARC21/slim">
 <record>
  <leader>00000cab a22000003a 4500</leader>
  <controlfield tag="001">UP-99796217609467880</controlfield>
  <controlfield tag="003">Buklod</controlfield>
  <controlfield tag="005">20231007234322.0</controlfield>
  <controlfield tag="006">m    |o  d |      </controlfield>
  <controlfield tag="007">ta</controlfield>
  <controlfield tag="008">100922s        xx     d | ||r |||||   ||</controlfield>
  <datafield tag="040" ind1=" " ind2=" ">
   <subfield code="a">DENGII</subfield>
  </datafield>
  <datafield tag="041" ind1=" " ind2=" ">
   <subfield code="a">eng</subfield>
  </datafield>
  <datafield tag="100" ind1="0" ind2=" ">
   <subfield code="a">Ishimaru, A.</subfield>
  </datafield>
  <datafield tag="245" ind1="0" ind2="0">
   <subfield code="a">Sommerfeld and Zenneck wave propagation for a finitely conducting one-dimensional rough surface.</subfield>
  </datafield>
  <datafield tag="300" ind1=" " ind2=" ">
   <subfield code="a">pp. 1475-1484</subfield>
  </datafield>
  <datafield tag="520" ind1=" " ind2=" ">
   <subfield code="a">Starting with Zenneck and Sommerfeld wave propagation over a flat finitely conducting surface has been extensively studied by Wait (see IEEE Antennas Propagat. Mag., vol.40, p.7-24, 1998) and many other authors. We examine propagation over a finitely conducting rough surface, also studied by many people including Feinberg (1944), Bass and Fuks (1979), and Barrick (see Radio Sci., vol.6, p.517-26, and vol.6., p.527-33). This paper extends the multiple scattering theories based on Dyson and Bethe-Salpeter equations and their smoothing approximations. The theory developed here applies to rough surfaces with small root-mean-square (RMS) heights (σ&lt;0.1λ). We limit ourselves to the one-dimensional (1-D) rough surface with finite conductivity excited by a magnetic line source, which is equivalent to the Sommerfeld dipole problem in two dimensions (x-z plane). With the presence of finite roughness, the total field decomposes into the coherent field and the incoherent field. The coherent (average) field is obtained by using Dyson's equation, a fundamental integral equation based on the modified perturbation method. Once the coherent field has been obtained, we determine the Sommerfeld pole, the effective surface impedance, and the Zenneck wave for rough surfaces of small RMS heights. The coherent field is written in terms of the Fourier transform, which is equivalent to the Sommerfeld integral. Numerical examples of the attenuation function are compared to Monte Carlo simulations and are shown to contrast the flat and rough surface cases. Next, we obtain the general expression for the incoherent mutual coherence functions and scattering cross section for rough conducting surfaces</subfield>
  </datafield>
  <datafield tag="653" ind1=" " ind2=" ">
   <subfield code="a">Dyson and Bethe-Salpeter equations.</subfield>
  </datafield>
  <datafield tag="653" ind1=" " ind2=" ">
   <subfield code="a">EM wave propagation.</subfield>
  </datafield>
  <datafield tag="653" ind1=" " ind2=" ">
   <subfield code="a">Fourier transform.</subfield>
  </datafield>
  <datafield tag="653" ind1=" " ind2=" ">
   <subfield code="a">Monte Carlo simulations.</subfield>
  </datafield>
  <datafield tag="653" ind1=" " ind2=" ">
   <subfield code="a">Sommerfeld dipole problem.</subfield>
  </datafield>
  <datafield tag="653" ind1=" " ind2=" ">
   <subfield code="a">Sommerfeld pole.</subfield>
  </datafield>
  <datafield tag="653" ind1=" " ind2=" ">
   <subfield code="a">Sommerfeld wave propagation.</subfield>
  </datafield>
  <datafield tag="653" ind1=" " ind2=" ">
   <subfield code="a">Zenneck wave propagation.</subfield>
  </datafield>
  <datafield tag="653" ind1=" " ind2=" ">
   <subfield code="a">Attenuation function.</subfield>
  </datafield>
  <datafield tag="653" ind1=" " ind2=" ">
   <subfield code="a">Coherent field.</subfield>
  </datafield>
  <datafield tag="653" ind1=" " ind2=" ">
   <subfield code="a">Effective surface impedance.</subfield>
  </datafield>
  <datafield tag="653" ind1=" " ind2=" ">
   <subfield code="a">Finitely conducting 1D rough surface.</subfield>
  </datafield>
  <datafield tag="653" ind1=" " ind2=" ">
   <subfield code="a">Flat finitely conducting surface.</subfield>
  </datafield>
  <datafield tag="653" ind1=" " ind2=" ">
   <subfield code="a">Incoherent field.</subfield>
  </datafield>
  <datafield tag="653" ind1=" " ind2=" ">
   <subfield code="a">Incoherent mutual coherence functions.</subfield>
  </datafield>
  <datafield tag="653" ind1=" " ind2=" ">
   <subfield code="a">Integral equation.</subfield>
  </datafield>
  <datafield tag="653" ind1=" " ind2=" ">
   <subfield code="a">Magnetic line source.</subfield>
  </datafield>
  <datafield tag="653" ind1=" " ind2=" ">
   <subfield code="a">Modified perturbation method.</subfield>
  </datafield>
  <datafield tag="653" ind1=" " ind2=" ">
   <subfield code="a">Multiple scattering theories.</subfield>
  </datafield>
  <datafield tag="653" ind1=" " ind2=" ">
   <subfield code="a">Scattering cross section.</subfield>
  </datafield>
  <datafield tag="653" ind1=" " ind2=" ">
   <subfield code="a">Small RMS heights.</subfield>
  </datafield>
  <datafield tag="653" ind1=" " ind2=" ">
   <subfield code="a">Smoothing approximations.</subfield>
  </datafield>
  <datafield tag="653" ind1=" " ind2=" ">
   <subfield code="a">Total field.</subfield>
  </datafield>
  <datafield tag="773" ind1="0" ind2=" ">
   <subfield code="t">IEEE Transactions on antennas and propagation</subfield>
   <subfield code="g">48, 9 (2000).</subfield>
  </datafield>
  <datafield tag="905" ind1=" " ind2=" ">
   <subfield code="a">FO</subfield>
  </datafield>
  <datafield tag="852" ind1=" " ind2=" ">
   <subfield code="a">UPD</subfield>
   <subfield code="b">DENG-II</subfield>
  </datafield>
  <datafield tag="942" ind1=" " ind2=" ">
   <subfield code="a">Article</subfield>
  </datafield>
 </record>
</collection>
